01097 a2200169 45000010006000000050017000060080041000230030015000640400040000790800031001192450038001502640027001883000019002155050664002340410008008981000021009064064220260407155702.0260407a1967 arg spa dAR-UNSa-BCEJYS aAR-UNSa-BCEJYSbspacAR-UNSa-BCEJYS a330xEconomía en general10aEnsayos sobre economía positiva 1aMadrid :bGredosc1967 a307 p.c25 cm. a1. La metodología de la economía positiva - 2. La curva de demanda marshaliana - 3. Los efectos en el "bienestar" producidos por un impuesto sobre la renta y por un impuesto sobre el consumo - 4. Los efectos de una política de pleno empleo sobre la estabilidad económica: un análisis formal - 5. Un programa monetario y fiscal de estabilidad económica - 6. Defensa de los tipos de cambio flexibles - 7. Divisa-reserva de mercancías - 8. Discusión del vacío inflacionario - 9. Comentarios sobre política monetaria - 10. Lange y la flexibilidad de los precios y el empleo: una crítica metodológica - 11. Lerner y la economía de control aspa1 aFriedman, Milton